Pays les plus peuplés en 1815 - Statistiques

Statistiques générales
  • Ce quiz a été pris 60 fois
  • Le résultat moyen est 16 sur 24
Statistiques - réponses
Hint Réponse % Correct
28 à 30 M Royaume de France
100%
300 à 400 M Empire de Chine (Qing)
98%
40 à 45 M Empire russe
96%
11 à 13 M Empire espagnol
95%
8 à 9 M Portugal et colonies
95%
20 à 25 M Empire britannique
91%
8 à 9 M Etats-Unis d'Amérique
91%
150 à 200 M Empire moghol
89%
3 à 4 M Egypte (sous Méhémet Ali)
88%
25 à 30 M Empire ottoman
82%
30-32 M Japon (Tokugawa)
82%
10 à 11 M Roy. Uni des Pays-Bas
82%
3,5 à 3,6 M Suède-Norvège
74%
30 à 35 M Empire d'Autriche
61%
10 à 12 M Royaume de Prusse
58%
15 à 18 M Corée (Joseon)
56%
5 à 6 M Perse (dynastie Qajar)
53%
8 à 10 M Dai Nam (Nguyen)
46%
4,5 à 5 M Royaume du Siam
46%
4 à 5 M Sultanat du Maroc
40%
3 M Régence d'Alger
33%
2,5 à 3 M Royaume de Sardaigne
16%
5 à 6 M Royaume des Deux-Siciles
16%
4 à 5 M Royaume lombardo-vénitien
11%
Aucun quiz correspondant
Distribution des résultats
% des personnes avec chaque résultat
Percentile par nombre de réponses
Votre historique - résultats
Vous n’avez pas pris ce quiz